| 000 | 00450nam a22001337a 4500 | ||
|---|---|---|---|
| 082 |
_a624.1762 _bKUO |
||
| 100 |
_aKuo, Shaw-Han, James _942921 |
||
| 245 |
_aJoint opening nonlinear mechanism: interface smeared crack model _cJames Shaw-Han Juo |
||
| 260 |
_aCalifornia _bCollege of Engineering, University of California, Berkeley _c1982 |
||
| 300 | _avii, 84.p: | ||
| 526 |
_a0 _b0 _c0 _d624_176200000000000_KUO |
||
| 650 |
_aMCE _9379 |
||
| 942 |
_2ddc _cBK |
||
| 999 |
_c546728 _d546728 |
||